| 000 | 00588 a2200169 4500 | ||
|---|---|---|---|
| 020 | _a0-312-24348-0 | ||
| 040 |
_aDLC _bDLC |
||
| 100 | 1 | _aLunsford, Andrea A., | |
| 245 | 1 | 0 |
_aEasy writer: a pocket guide _ba pocket guide _cAndrea A. Lunsford with a section for multilingual writers by Franklin E. Horowitz. |
| 250 | _a2nd ed. | ||
| 260 |
_aBoston : _bBedford/St. Martin's, _ccop. 2002. |
||
| 300 |
_avii, 310 s. ; _c22 cm. |
||
| 500 | _aIncludes index. | ||
| 650 | 0 |
_aEnglish language _xRhetoric _xHandbooks, manuals, etc. |
|
| 700 | 1 | _aHorowitz, Franklin E. | |
| 942 |
_cBK _k808.042 LUN _2ddc |
||
| 999 |
_c4825 _d4825 |
||